[Event "Rheinland Pfalz op 8th"]
[Site "Reil an der Mosel"]
[Date "2016.05.26"]
[Round "1"]
[White "Carow, Annelen"]
[Black "Ries, Werner"]
[Result "1-0"]
[WhiteElo "2072"]
[BlackElo "1700"]
[PlyCount "39"]
[EventDate "2016.05.26"]
[EventType "swiss"]
[EventRounds "7"]
[EventCountry "GER"]
[SourceTitle "EXT 2018"]
[Source "ChessBase"]
[SourceDate "2017.10.13"]
[SourceVersion "1"]
[SourceVersionDate "2017.10.13"]
[SourceQuality "1"]

1. d4 f5 2. c4 g6 3. Nc3 Bg7 4. h4 Nh6 5. Nf3 Nf7 6. Bf4 d6 7. e3 Nd7 8. Qc2 e5 9. Bh2 e4 10. Ng5 Nxg5 11. hxg5 Qxg5 12. c5 dxc5 13. Nd5 0-0 14. Nxc7 cxd4 15. Nxa8 dxe3 16. Bd6 Rf6 17. Qxc8+ Nf8 18. Bc4+ Kh8 19. Be5 exf2+ 20. Kf1 1-0

[Event "Rheinland Pfalz op 4th"]
[Site "Altenkirchen"]
[Date "2012.06.10"]
[Round "7"]
[White "Liebel, Martin"]
[Black "Ries, Werner"]
[Result "0-1"]
[WhiteElo "1324"]
[BlackElo "1708"]
[PlyCount "102"]
[EventDate "2012.06.07"]
[EventType "swiss"]
[EventRounds "7"]
[EventCountry "GER"]
[SourceTitle "CBM 148 Extra"]
[Source "ChessBase"]
[SourceDate "2012.06.22"]
[SourceVersion "1"]
[SourceVersionDate "2012.06.22"]
[SourceQuality "1"]

1. c4 f5 2. g3 c6 3. Bg2 g6 4. d4 Bg7 5. Nf3 d6 6. Nc3 Nh6 7. 0-0 0-0 8. d5 c5 9. Ng5 a6 10. Ne6 Bxe6 11. dxe6 Nc6 12. Rb1 Rb8 13. Nd5 Kh8 14. h3 Ng8 15. b3 Nf6 16. Bb2 Qc8 17. Nb6 Qd8 18. Nd5 Qc8 19. Bxf6 Bxf6 20. Nxf6 Rxf6 21. Bd5 Nd8 22. Qd2 Nxe6 23. Bxe6 Qxe6 24. h4 Rbf8 25. f4 Qf7 26. Qc3 Kg8 27. Rbd1 Re8 28. Qf3 e5 29. e3 exf4 30. exf4 Rfe6 31. Qd5 Re3 32. Qxf7+ Kxf7 33. Kg2 R8e6 34. Rd5 Ke7 35. Rf3 b6 36. Rd3 Re2+ 37. Rf2 h5 38. a4 Rxf2+ 39. Kxf2 Kd7 40. Re3 Rxe3 41. Kxe3 Kc6 42. Kd3 d5 43. Kc3 b5 44. a5 dxc4 45. bxc4 bxc4 46. Kxc4 Kd6 47. Kc3 Kd5 48. Kd3 c4+ 49. Kc3 Kc5 50. Kb2 Kb4 51. Kc2 Kxa5 0-1

[Event "SVR-ch MAT-I 35th"]
[Site "Nickenich"]
[Date "2012.04.05"]
[Round "6"]
[White "Zirwes, Hans Juergen"]
[Black "Ries, Werner"]
[Result "1-0"]
[WhiteElo "1849"]
[BlackElo "1690"]
[PlyCount "55"]
[EventDate "2012.03.30"]
[EventType "tourn"]
[EventRounds "9"]
[EventCountry "GER"]
[SourceTitle "EXT 2013"]
[Source "ChessBase"]
[SourceDate "2012.11.22"]
[SourceVersion "1"]
[SourceVersionDate "2012.11.22"]
[SourceQuality "1"]

1. d4 f5 2. g3 g6 3. Bg2 Bg7 4. Nf3 d6 5. 0-0 Nh6 6. Qd3 0-0 7. Ng5 Nf7 8. Qb3 c6 9. c3 d5 10. h4 e5 11. dxe5 Bxe5 12. Rd1 Nxg5 13. Bxg5 Bf6 14. Bxd5+ Kg7 15. Bxc6 Qe7 16. Bxf6+ Rxf6 17. Bf3 f4 18. Qb4 Qf7 19. g4 Nc6 20. Bxc6 Bxg4 21. Bf3 Bxf3 22. exf3 Rc6 23. Qd4+ Kh6 24. Na3 Qf5 25. Qe4 Qf6 26. Rd4 Rf8 27. Kg2 g5 28. Rd7 1-0

[Event "SVR-ch MAT-I 35th"]
[Site "Nickenich"]
[Date "2012.03.31"]
[Round "2"]
[White "Ries, Werner"]
[Black "Akbar, Jamal"]
[Result "0-1"]
[WhiteElo "1690"]
[BlackElo "1852"]
[PlyCount "68"]
[EventDate "2012.03.30"]
[EventType "tourn"]
[EventRounds "9"]
[EventCountry "GER"]
[SourceTitle "EXT 2013"]
[Source "ChessBase"]
[SourceDate "2012.11.22"]
[SourceVersion "1"]
[SourceVersionDate "2012.11.22"]
[SourceQuality "1"]

1. e4 c5 2. c3 d5 3. exd5 Qxd5 4. d4 e6 5. Nf3 cxd4 6. cxd4 Nf6 7. Be2 Bb4+ 8. Bd2 Bxd2+ 9. Nbxd2 0-0 10. 0-0 b6 11. Bc4 Qd6 12. Qe2 Nc6 13. Nb3 a5 14. a4 Bb7 15. Rfd1 Nd5 16. Ne5 Ncb4 17. Bb5 Nf4 18. Qg4 Nxg2 19. Nc4 Qd8 20. f3 Nh4 21. Ne5 Nf5 22. Kf2 Nc2 23. Nc6 Bxc6 24. Bxc6 Rc8 25. Be4 Nxa1 26. Rxa1 Qd6 27. Rg1 Qxh2+ 28. Rg2 Qh6 29. Bxf5 exf5 30. Qxf5 Rfe8 31. f4 Qh4+ 32. Kf3 g6 33. Nd2 Qe1 34. Ne4 Qf1+ 0-1

[Event "SVR-ch MAT-I 34th"]
[Site "Reil"]
[Date "2011.04.23"]
[Round "9"]
[White "Ries, Werner"]
[Black "Thoennes, Frank"]
[Result "0-1"]
[WhiteElo "1729"]
[BlackElo "1908"]
[PlyCount "122"]
[EventDate "2011.04.15"]
[EventType "tourn"]
[EventRounds "9"]
[EventCountry "GER"]
[SourceTitle "EXT 2013"]
[Source "ChessBase"]
[SourceDate "2012.11.22"]
[SourceVersion "1"]
[SourceVersionDate "2012.11.22"]
[SourceQuality "1"]

1. e4 e5 2. Nf3 Nf6 3. Nxe5 d6 4. Nf3 Nxe4 5. Nc3 Nf6 6. d4 d5 7. Be2 c6 8. Bg5 Bf5 9. Qd2 Be7 10. 0-0 0-0 11. Rfe1 a5 12. Nd1 a4 13. Ne3 Bg6 14. Ne5 Re8 15. Nxg6 hxg6 16. f3 Nbd7 17. Qd3 Nh5 18. Bxe7 Qxe7 19. Bf1 Qd6 20. Qd2 Qf4 21. c4 Nb6 22. Qc3 dxc4 23. Nxc4 Nd5 24. Qd3 Nhf6 25. a3 Qc7 26. Re5 Nf4 27. Qd2 N6d5 28. Rae1 Ne6 29. Ne3 Ndf4 30. g3 f6 31. Re4 Ng5 32. Rxe8+ Rxe8 33. Kf2 Ngh3+ 34. Bxh3 Nxh3+ 35. Kg2 Ng5 36. Rd1 Qd7 37. Ng4 Qd5 38. Qd3 Qf5 39. Kf2 Ne4+ 40. Kg2 Ng5 41. Kf2 Rd8 42. Qxf5 gxf5 43. Ne3 g6 44. h4 Ne6 45. d5 f4 46. dxe6 fxe3+ 47. Ke2 Rxd1 48. Kxd1 Kf8 49. Ke2 Ke7 50. Kxe3 Kxe6 51. g4 c5 52. Kf4 b5 53. Ke4 f5+ 54. gxf5+ gxf5+ 55. Kf4 Kf6 56. h5 b4 57. h6 c4 58. h7 Kg7 59. h8Q+ Kxh8 60. Ke3 c3 61. bxc3 bxa3 0-1

[Event "SVR-ch MAT-I 34th"]
[Site "Reil"]
[Date "2011.04.16"]
[Round "2"]
[White "Ries, Werner"]
[Black "Knapp, Michael"]
[Result "1/2-1/2"]
[WhiteElo "1729"]
[BlackElo "1982"]
[PlyCount "42"]
[EventDate "2011.04.15"]
[EventType "tourn"]
[EventRounds "9"]
[EventCountry "GER"]
[SourceTitle "EXT 2013"]
[Source "ChessBase"]
[SourceDate "2012.11.22"]
[SourceVersion "1"]
[SourceVersionDate "2012.11.22"]
[SourceQuality "1"]

1. e4 e6 2. d4 d5 3. Nc3 Bb4 4. exd5 exd5 5. Bd3 Ne7 6. Bg5 c6 7. Qf3 Be6 8. Nge2 Qd7 9. 0-0 f6 10. Bf4 0-0 11. a3 Bd6 12. Bxd6 Qxd6 13. Rfe1 Bf7 14. Nf4 Nd7 15. Re2 Rfe8 16. Rae1 Nf8 17. Qg4 Neg6 18. Nxg6 Rxe2 19. Rxe2 Nxg6 20. g3 Rd8 21. Nd1 Nf8 1/2-1/2

[Event "SVR-ch MAT-I 30th"]
[Site "Nickenich"]
[Date "2007.04.05"]
[Round "8"]
[White "Schwertel, Johann"]
[Black "Ries, Werner"]
[Result "1/2-1/2"]
[WhiteElo "1970"]
[BlackElo "1757"]
[PlyCount "31"]
[EventDate "2007.03.30"]
[EventType "tourn"]
[EventRounds "9"]
[EventCountry "GER"]
[SourceTitle "EXT 2009"]
[Source "ChessBase"]
[SourceDate "2008.11.26"]
[SourceVersion "1"]
[SourceVersionDate "2008.11.26"]
[SourceQuality "1"]

1. e4 e6 2. d4 d5 3. Nd2 Nf6 4. e5 Nfd7 5. Bd3 c5 6. c3 Nc6 7. Ngf3 Qb6 8. 0-0 cxd4 9. cxd4 Nxd4 10. Nxd4 Qxd4 11. Nf3 Qb6 12. Qa4 Qb4 13. Qc2 Qb6 14. Qa4 Qb4 15. Qc2 Qb6 16. Qa4 1/2-1/2

[Event "SVR-ch MAT-I 30th"]
[Site "Nickenich"]
[Date "2007.03.31"]
[Round "2"]
[White "Ries, Werner"]
[Black "Welsch, Dieter"]
[Result "1/2-1/2"]
[WhiteElo "1757"]
[BlackElo "1791"]
[PlyCount "91"]
[EventDate "2007.03.30"]
[EventType "tourn"]
[EventRounds "9"]
[EventCountry "GER"]
[SourceTitle "EXT 2009"]
[Source "ChessBase"]
[SourceDate "2008.11.26"]
[SourceVersion "1"]
[SourceVersionDate "2008.11.26"]
[SourceQuality "1"]

1. e4 e5 2. Nf3 Nc6 3. d4 exd4 4. Nxd4 Qf6 5. Be3 Bc5 6. c3 Nge7 7. Be2 a6 8. 0-0 0-0 9. Nxc6 Qxc6 10. Bxc5 Qxc5 11. Nd2 d6 12. Nb3 Qe5 13. Bd3 Ng6 14. g3 Bh3 15. Re1 Qg5 16. Bf1 Bg4 17. f3 Bd7 18. Bg2 Qh6 19. Qd2 Qxd2 20. Nxd2 Ne5 21. Re3 Be6 22. Bf1 b5 23. b3 Rfe8 24. h3 f6 25. Rc1 c5 26. c4 b4 27. f4 Nc6 28. Nf3 Kf8 29. Rd1 Ke7 30. Red3 Red8 31. Kf2 a5 32. R1d2 a4 33. g4 axb3 34. axb3 Ra3 35. g5 Na5 36. Rb2 Bxh3 37. Bxh3 Nxc4 38. Rb1 Ra2+ 39. Kg3 Na3 40. gxf6+ gxf6 41. Rc1 Nb5 42. e5 fxe5 43. fxe5 Nc3 44. exd6+ Rxd6 45. Rdxc3 bxc3 46. Rxc3 1/2-1/2

[Event "SVR-ch MAT-I 29th"]
[Site "Koblenz"]
[Date "2006.04.13"]
[Round "7"]
[White "Oliva, Jan"]
[Black "Ries, Werner"]
[Result "1-0"]
[WhiteElo "1779"]
[BlackElo "1757"]
[PlyCount "83"]
[EventDate "2006.04.07"]
[EventType "tourn"]
[EventRounds "9"]
[EventCountry "GER"]
[SourceTitle "EXT 2009"]
[Source "ChessBase"]
[SourceDate "2008.11.26"]
[SourceVersion "1"]
[SourceVersionDate "2008.11.26"]
[SourceQuality "1"]

1. c4 f5 2. Nf3 d6 3. g3 e5 4. d3 Nf6 5. Nc3 c6 6. Bg2 g6 7. 0-0 Bg7 8. Ne1 0-0 9. f4 exf4 10. gxf4 Qb6+ 11. e3 Na6 12. Nc2 Bd7 13. Kh1 Rae8 14. e4 Re7 15. Be3 Qc7 16. Qd2 b6 17. Rae1 Ng4 18. Bg1 Rfe8 19. Nd4 fxe4 20. dxe4 Nh6 21. Rd1 Bg4 22. Nf3 Rd7 23. h3 Bxf3 24. Bxf3 Red8 25. Be3 Nf7 26. Rg1 Nc5 27. b4 Nb7 28. f5 Ne5 29. Be2 Rf7 30. Bh6 Qd7 31. Bxg7 Rxg7 32. Bg4 Nxg4 33. Rxg4 Qe7 34. Qd4 Rf8 35. Rdg1 Rf6 36. Ne2 Qe5 37. Qe3 Nd8 38. Ng3 gxf5 39. Rxg7+ Kxg7 40. Nh5+ Kf8 41. Nxf6 Qxf6 42. Rf1 1-0

[Event "Rheinland-ch MAT-I 28th"]
[Site "Trier"]
[Date "2005.??.??"]
[Round "2"]
[White "Scheuring, Christoph"]
[Black "Ries, Werner"]
[Result "1/2-1/2"]
[WhiteElo "1830"]
[BlackElo "1820"]
[PlyCount "47"]
[EventDate "2005.03.??"]
[EventType "tourn"]
[EventRounds "9"]
[EventCountry "GER"]
[SourceTitle "EXT 2009"]
[Source "ChessBase"]
[SourceDate "2008.11.26"]
[SourceVersion "1"]
[SourceVersionDate "2008.11.26"]
[SourceQuality "1"]

1. d4 f5 2. Nf3 g6 3. g3 Bg7 4. Bg2 d6 5. 0-0 Nh6 6. c4 0-0 7. Nc3 c6 8. Qb3 Nf7 9. e4 Qc7 10. exf5 Bxf5 11. d5 Na6 12. Be3 Nc5 13. Bxc5 dxc5 14. Rfe1 Rfe8 15. Re3 Bd4 16. Ree1 e6 17. Nh4 e5 18. Nxf5 gxf5 19. dxc6 bxc6 20. Qc2 Nd6 21. b3 Re7 22. Re2 Rf8 23. Kh1 f4 24. gxf4 1/2-1/2

[Event "SVR-ch MAT-A"]
[Site "Hoehr-Grenzhausen"]
[Date "2004.??.??"]
[Round "?"]
[White "Ries, Werner"]
[Black "Kohlei, Rolf"]
[Result "0-1"]
[WhiteElo "1785"]
[BlackElo "2095"]
[PlyCount "42"]
[EventDate "2004.??.??"]
[EventType "tourn"]
[EventRounds "9"]
[EventCountry "GER"]
[SourceTitle "EXT 2009"]
[Source "ChessBase"]
[SourceDate "2008.11.26"]
[SourceVersion "1"]
[SourceVersionDate "2008.11.26"]
[SourceQuality "1"]

1. e4 g6 2. d4 Bg7 3. c3 d6 4. Bd3 c6 5. Ne2 e5 6. 0-0 Nf6 7. Bg5 Nbd7 8. Qd2 h6 9. Bh4 g5 10. Bg3 Nh5 11. Na3 Qe7 12. Nc4 0-0 13. Ne3 Ndf6 14. dxe5 dxe5 15. h4 Nf4 16. hxg5 hxg5 17. Bc2 Rd8 18. Qe1 Be6 19. b3 Qc5 20. c4 N6h5 21. Bxf4 exf4 0-1

[Event "Heimbach Weis op"]
[Site "Heimbach Weis"]
[Date "2002.03.22"]
[Round "1"]
[White "Ries, Werner"]
[Black "Schwertel, Johann"]
[Result "1/2-1/2"]
[WhiteElo "1819"]
[BlackElo "1815"]
[PlyCount "27"]
[EventDate "2002.03.22"]
[EventType "swiss"]
[EventRounds "9"]
[EventCountry "GER"]
[SourceTitle "EXT 2007"]
[Source "ChessBase"]
[SourceDate "2006.11.23"]
[SourceVersion "1"]
[SourceVersionDate "2006.11.23"]
[SourceQuality "1"]

1. d4 d5 2. c4 c6 3. Nc3 Nf6 4. Bg5 e6 5. cxd5 exd5 6. e3 Be7 7. Bd3 Nbd7 8. Nf3 h6 9. Bh4 0-0 10. 0-0 Ne8 11. Bxe7 Qxe7 12. Re1 Nd6 13. Qc2 f5 14. Nd2 1/2-1/2

[Event "Koblenz-ch"]
[Site "Koblenz"]
[Date "2000.11.28"]
[Round "7"]
[White "Ries, Werner"]
[Black "Senger, Alexander"]
[Result "1-0"]
[WhiteElo "1764"]
[BlackElo "1590"]
[PlyCount "53"]
[EventDate "2000.08.29"]
[EventType "swiss"]
[EventRounds "7"]
[EventCountry "GER"]
[SourceTitle "EXT 2005"]
[Source "ChessBase"]
[SourceDate "2004.11.15"]
[SourceVersion "1"]
[SourceVersionDate "2004.11.15"]
[SourceQuality "1"]

1. e4 e5 2. Nf3 Nc6 3. d4 exd4 4. Nxd4 Bc5 5. Nf5 Qf6 6. Ne3 Bxe3 7. Bxe3 Qxb2 8. Nd2 Nge7 9. Be2 Nb4 10. Rc1 Qxa2 11. 0-0 Nbc6 12. Bc4 Qa5 13. Rb1 0-0 14. f4 a6 15. f5 b5 16. Bd3 Bb7 17. f6 Ng6 18. fxg7 Kxg7 19. Qh5 Rh8 20. Qh6+ Kg8 21. Bg5 Nd4 22. Bf6 Ne6 23. Nf3 Qb6+ 24. Kh1 Qd6 25. Bxh8 Nxh8 26. e5 Qb6 27. Bxh7# 1-0

[Event "Koblenz-ch"]
[Site "Koblenz"]
[Date "2000.10.31"]
[Round "5"]
[White "Ries, Werner"]
[Black "Kroneberger, Werner"]
[Result "1/2-1/2"]
[WhiteElo "1764"]
[BlackElo "1853"]
[PlyCount "27"]
[EventDate "2000.08.29"]
[EventType "swiss"]
[EventRounds "7"]
[EventCountry "GER"]
[SourceTitle "EXT 2005"]
[Source "ChessBase"]
[SourceDate "2004.11.15"]
[SourceVersion "1"]
[SourceVersionDate "2004.11.15"]
[SourceQuality "1"]

1. e4 c5 2. Nf3 d6 3. c3 Nc6 4. d4 cxd4 5. cxd4 Nf6 6. Nc3 e6 7. Be2 Be7 8. 0-0 0-0 9. h3 h6 10. Be3 Bd7 11. Qd2 a6 12. a3 Na5 13. Rad1 d5 14. exd5 1/2-1/2

[Event "Koblenz-ch"]
[Site "Koblenz"]
[Date "2000.08.29"]
[Round "1"]
[White "Ries, Werner"]
[Black "Schmidt, Lutz"]
[Result "1-0"]
[WhiteElo "1764"]
[BlackElo "1317"]
[PlyCount "79"]
[EventDate "2000.08.29"]
[EventType "swiss"]
[EventRounds "7"]
[EventCountry "GER"]
[SourceTitle "EXT 2005"]
[Source "ChessBase"]
[SourceDate "2004.11.15"]
[SourceVersion "1"]
[SourceVersionDate "2004.11.15"]
[SourceQuality "1"]

1. e4 e5 2. Nf3 Nc6 3. d4 d6 4. Nc3 Bg4 5. d5 Nd4 6. Be3 Nxf3+ 7. gxf3 Bd7 8. Qd2 Nf6 9. Rg1 g6 10. Be2 a6 11. f4 Bh6 12. fxe5 Bxe3 13. Qxe3 dxe5 14. Rg5 Qe7 15. Qg3 0-0 16. Qxe5 Qxe5 17. Rxe5 Rae8 18. Rxe8 Rxe8 19. f3 Nh5 20. Kf2 Nf4 21. Bf1 Re5 22. Ne2 Nh5 23. h4 f5 24. exf5 Bxf5 25. Nd4 Rxd5 26. Bc4 Nf6 27. Bxd5+ Nxd5 28. Nxf5 gxf5 29. Rd1 Nf6 30. Ke3 Kg7 31. Kf4 Kg6 32. Rg1+ Kh5 33. Rg5+ Kxh4 34. Rxf5 Nh5+ 35. Ke5 Ng3 36. Rf7 h5 37. Rxc7 Ne2 38. f4 Kg4 39. Rg7+ Kf3 40. f5 1-0